النبات ج1.ج2 / (رقم التسجيلة. 34376)
[ عرض عادي ]
| 000 -LEADER | |
|---|---|
| fixed length control field | 00486nam a22001697a 4500 |
| 005 - DATE AND TIME OF LATEST TRANSACTION | |
| control field | 20251108165913.0 |
| 008 - FIXED-LENGTH DATA ELEMENTS--GENERAL INFORMATION | |
| fixed length control field | 250721s1980 xx 000 0 ara d |
| 082 14 - DEWEY DECIMAL CLASSIFICATION NUMBER | |
| Classification number | م/ط/581/نبا |
| 245 10 - TITLE STATEMENT | |
| Title | النبات ج1.ج2 / |
| 264 1# - PRODUCTION, PUBLICATION, DISTRIBUTION, MANUFACTURE, AND COPYRIGHT NOTICE | |
| Place of production, publication, distribution, manufacture | جنيف : |
| Name of producer, publisher, distributor, manufacturer | شركة ترادكسيم، |
| Date of production, publication, distribution, manufacture, or copyright notice | 1980. |
| 300 ## - PHYSICAL DESCRIPTION | |
| Extent | - ج : مص |
| 490 0# - SERIES STATEMENT | |
| Series statement | كتاب المعرفة : علوم |
| 650 17 - SUBJECT ADDED ENTRY--TOPICAL TERM | |
| Topical term or geographic name as entry element | النباتات |
| 653 ## - INDEX TERM--UNCONTROLLED | |
| Uncontrolled term | ناشئون كبار (15-18)كبار |
| 942 ## - ADDED ENTRY ELEMENTS (KOHA) | |
| Source of classification or shelving scheme | Dewey Decimal Classification |
| Koha item type | مراجع |
| حالة السحب | حالة الفقدان | مصدر التصنيف | حالة التلف | غير قابل للإعارة | المكتبة الرئيسية | المكتبة الحالية | موقع الرف | تاريخ التزويد | الرقم المتسلسل | Total Checkouts | رقم الإستدعاء | الباركود | تاريخ آخر ظهور | تاريخ الفاتورة | نوع المادة (كوها) |
|---|---|---|---|---|---|---|---|---|---|---|---|---|---|---|---|
| Dewey Decimal Classification | Not For Loan | مكتبة بدر للأطفال | مكتبة بدر للأطفال | الأطفال | 24/08/2022 | 269594 | م/ط/581/نبا | PLD00500240 | 28/07/2025 | 24/08/2022 | مراجع | ||||
| Dewey Decimal Classification | Not For Loan | مكتبة بدر للأطفال | مكتبة بدر للأطفال | الأطفال | 24/08/2022 | 269593 | م/ط/581/نبا | PLD00500241 | 28/07/2025 | 24/08/2022 | مراجع | ||||
| Dewey Decimal Classification | Not For Loan | مكتبة مرج الحمام | مكتبة مرج الحمام | مراجع | 28/07/2025 | 1135032 | م/ط/581/نبا | DUP-01_1135032 | 28/07/2025 | 28/07/2025 | مراجع | ||||
| Dewey Decimal Classification | Not For Loan | مكتبة مرج الحمام | مكتبة مرج الحمام | مراجع | 28/07/2025 | 1135026 | م/ط/581/نبا | 1135026 | 28/07/2025 | 28/07/2025 | مراجع | ||||
| Dewey Decimal Classification | Not For Loan | مكتبة مرج الحمام | مكتبة مرج الحمام | مراجع | 28/07/2025 | 1135029 | م/ط/581/نبا | 1135029 | 28/07/2025 | 28/07/2025 | مراجع |